Physics for Scientist and Engineers/ (Record no. 8349)
[ view plain ]
| 000 -LEADER | |
|---|---|
| fixed length control field | 00688nam a22002177a 4500 |
| 003 - CONTROL NUMBER IDENTIFIER | |
| control field | OSt |
| 005 - DATE AND TIME OF LATEST TRANSACTION | |
| control field | 20260210085259.0 |
| 008 - FIXED-LENGTH DATA ELEMENTS--GENERAL INFORMATION | |
| fixed length control field | 260210b |||||||| |||| 00| 0 eng d |
| 020 ## - INTERNATIONAL STANDARD BOOK NUMBER | |
| International Standard Book Number | 978-981-48-3904-4 |
| 040 ## - CATALOGING SOURCE | |
| Original cataloging agency | DWC-Main lib |
| Transcribing agency | OC |
| 082 ## - DEWEY DECIMAL CLASSIFICATION NUMBER | |
| Edition number | Tenth edition |
| Classification number | Circ. 530 S492p 2018 |
| 100 ## - MAIN ENTRY--PERSONAL NAME | |
| Personal name | Serway, Raymond |
| 245 ## - TITLE STATEMENT | |
| Title | Physics for Scientist and Engineers/ |
| Remainder of title | Raymond Serway |
| 250 ## - EDITION STATEMENT | |
| Edition statement | Tenth edition |
| 260 ## - PUBLICATION, DISTRIBUTION, ETC. | |
| Place of publication, distribution, etc. | Singapore : |
| Name of publisher, distributor, etc. | Cengage learning Asia pte ltd, |
| Date of publication, distribution, etc. | c2018. |
| 300 ## - PHYSICAL DESCRIPTION | |
| Extent | xxviii, 1047 pages : |
| Other physical details | illustrations ; |
| Dimensions | 25cm. |
| 504 ## - BIBLIOGRAPHY, ETC. NOTE | |
| Bibliography, etc. note | Includes index |
| 650 ## - SUBJECT ADDED ENTRY--TOPICAL TERM | |
| Topical term or geographic name entry element | 1. Physics |
| 700 ## - ADDED ENTRY--PERSONAL NAME | |
| Personal name | John Jewett Jr. |
| 942 ## - ADDED ENTRY ELEMENTS (KOHA) | |
| Source of classification or shelving scheme | Dewey Decimal Classification |
| Koha item type | Book Circulation |
| Edition | Tenth edition |
| Call number prefix | Circ. |
| Suppress in OPAC | No |
| 952 ## - LOCATION AND ITEM INFORMATION (KOHA) | |
| -- | |
| Withdrawn status | Lost status | Source of classification or shelving scheme | Damaged status | Not for loan | Home library | Current library | Shelving location | Date acquired | Source of acquisition | Total Checkouts | Full call number | Barcode | Date last seen | Copy number | Price effective from | Koha item type | Uniform Resource Identifier |
|---|---|---|---|---|---|---|---|---|---|---|---|---|---|---|---|---|---|
| Dewey Decimal Classification | College Library | College Library | Circulation | 02/19/2020 | School Fund | Circ. 530 S492p 2018 | CL52542 | 02/10/2026 | c1 | 02/10/2026 | BK-CIRC |